000 00444nam a22001457a 4500
003 SISC
005 20161019102414.0
008 161019b xxu||||| |||| 00| 0 eng d
020 _a9781682851623
050 _aTK 6750.M6
_b.M687 2016
245 _aMobile telecommunications technology /
_cedited by Adam Houle.
260 _aNew York :
_bWillford Press,
_c2016.
300 _a224 pages :
_billustrations (some color) ;
_c27 cm.
942 _2lcc
_cBK
999 _c305160
_d305160